Hydraulic lime - a material for the 21st century (Record no. 68184)
[ view plain ]
| 000 -LEADER | |
|---|---|
| fixed length control field | 00847cam a2200217 4500 |
| 001 - CONTROL NUMBER | |
| control field | ABS64329 |
| 008 - FIXED-LENGTH DATA ELEMENTS--GENERAL INFORMATION | |
| fixed length control field | 010906n2001 000 0 eng u |
| 035 ## - SYSTEM CONTROL NUMBER | |
| System control number | (Sirsi) u114465 |
| 100 ## - MAIN ENTRY--PERSONAL NAME | |
| Personal name | Farey, M |
| 245 ## - TITLE STATEMENT | |
| Title | Hydraulic lime - a material for the 21st century |
| 260 ## - PUBLICATION, DISTRIBUTION, ETC. | |
| Date of publication, distribution, etc. | 2001 |
| 490 ## - SERIES STATEMENT | |
| Series statement | Faculty of Building Journal |
| Volume/sequential designation | 10(4) August 2001, 13-15(3) |
| 520 ## - SUMMARY, ETC. | |
| Summary, etc. | Studies the reasons why conservation bodies recommend lime mortars rather than Portland cement in the repair of historic buildings. Describes the resurrection of the use of hydraulic lime in modern buildings and provides practical information in using hydraulic lime. |
| 590 ## - LOCAL NOTE (RLIN) | |
| Local note | ABS |
| 650 ## - SUBJECT ADDED ENTRY--TOPICAL TERM | |
| Topical term or geographic name entry element | HYDRAULIC LIME |
| 650 ## - SUBJECT ADDED ENTRY--TOPICAL TERM | |
| Topical term or geographic name entry element | PORTLAND CEMENT |
| 650 ## - SUBJECT ADDED ENTRY--TOPICAL TERM | |
| Topical term or geographic name entry element | HISTORIC BUILDINGS |
| 650 ## - SUBJECT ADDED ENTRY--TOPICAL TERM | |
| Topical term or geographic name entry element | LIME MORTARS |
| 690 ## - LOCAL SUBJECT ADDED ENTRY--TOPICAL TERM (OCLC, RLIN) | |
| Topical term or geographic name as entry element | BUILT ENVIRONMENT-BUILDING MATERIALS |
| 942 ## - ADDED ENTRY ELEMENTS (KOHA) | |
| Suppress in OPAC | 0 |
| Withdrawn status | Lost status | Source of classification or shelving scheme | Damaged status | Not for loan | Home library | Current library | Shelving location | Date acquired | Total Checkouts | Full call number | Barcode | Date last seen | Copy number | Price effective from | Koha item type |
|---|---|---|---|---|---|---|---|---|---|---|---|---|---|---|---|
| Dewey Decimal Classification | London | London | Journal article | 06/09/2001 | ABS64329 | 114465-1001 | 06/08/2019 | 1 | 06/08/2019 | Journal article |